000
00348nam a2200133Ia 4500
008
231129s2004||||xx |||||||||||||| ||spa||
020
_a
950-857-025-3
040
_b
spa
082
_a
658.1 N962
245
0
_a
Nuevas tendencias en marketing
260
_c
2004
264
_a
Deusto ; Planeta
942
_2
ddc
_c
BKS
999
_c
21888
_d
21888